| 000 | 00650nam a2200229 4500 | ||
|---|---|---|---|
| 003 | OSt | ||
| 005 | 20240610021323.0 | ||
| 006 | a | ||
| 008 | 240610b |||||||| |||| 00| 0 eng d | ||
| 020 | _a9780071086684 | ||
| 040 |
_aDWCL-Main lib. _cOC |
||
| 082 |
_2eighth edition _aCirc. 330.9173 Os81u 2012 |
||
| 100 | _aO’Sullivan, Arthur | ||
| 245 | _aUrban economics / | ||
| 250 | _aeighth edition | ||
| 260 |
_aNew York : _bMcGraw-Hill, _cc2012. |
||
| 300 |
_axxx, _b496 p. : ill. ; _c23 cm. |
||
| 504 | _aIncludes index. | ||
| 650 | _a1. Urban economics. | ||
| 700 | _aArthur O’Sullivan | ||
| 942 |
_2ddc _n0 _cBK-CIRC _eeighth edition _kCirc. |
||
| 999 |
_c429 _d429 |
||